| 000 | 01995 am a2200505 a 4500 | ||
|---|---|---|---|
| 005 | 20240508102314.0 | ||
| 008 | 100429s2011||||ag a f |||| 001 0 spa d | ||
| 020 | _a9786077743187 | ||
| 041 | _aspa | ||
| 092 |
_c574.8 _l39 _sINT |
||
| 245 |
_aIntroducción a la biología celular / _cBruce Alberts |
||
| 250 |
_a3a ed. _bTraducción Gabriela López ; Andrea Méndez ; Adriana Morando ; Jorge Negrete y Silvia Rondinone |
||
| 260 |
_aMéxico: _bEditorial Médica Panamericana; _c2011. |
||
| 300 | _a732 p. | ||
| 500 | _aAlberts, B. et al. (2011). Introducción a la biología celular. (3a ed.). México : Editorial Médica Panamericana. | ||
| 590 | _aEj.2 inv.2289 Donación editorial Mayo 2011. Compra 2011 | ||
| 653 | _aComponentes químicos de las células | ||
| 653 | _aEnergía, catálisis y biosíntesis | ||
| 653 | _aEstructura y función de las proteinas | ||
| 653 | _aDNA y cromosomas | ||
| 653 | _aReplicación, reparación y recombinación del DNA | ||
| 653 | _aDel DNA a la proteína: cómo leen el genoma las células | ||
| 653 | _aControl de la expresión génica | ||
| 653 | _aCómo evolucionan los genes y los genomas | ||
| 653 | _aAnálisis de genes y genomas | ||
| 653 | _aEstructura de la membrana | ||
| 653 | _aTransporte de membrana | ||
| 653 | _aCómo las células obtienen energía de los alimentos | ||
| 653 | _aGeneración de energía en mitocondrias y cloroplastos | ||
| 653 | _aCompartimientos y transporte intracelulares | ||
| 653 | _aComunicación celular | ||
| 653 | _aCitoesqueleto | ||
| 653 | _aCiclo de división celular | ||
| 653 | _aSexo y genética | ||
| 653 | _aComunidades celulares: tejidos, células madre y cáncer | ||
| 700 | 1 |
_aAlberts, Bruce _98 |
|
| 700 | 1 |
_aBray, Dennis. _99 |
|
| 700 | 1 |
_aHopkin, Karen. _910 |
|
| 700 | 1 |
_aJohnson, Alexander. _911 |
|
| 700 | 1 |
_aLewis, Julian. _912 |
|
| 700 | 1 |
_aRaff, Martin. _913 |
|
| 700 | 1 |
_aRoberts, Keith. _914 |
|
| 700 | 1 |
_aWalter, Peter. _915 |
|
| 942 |
_2ddc _cBK |
||
| 999 |
_c834 _d834 |
||